Normal view
MARC view
- Polyelectrolytes.
Entry Topical Term
001 - CONTROL NUMBER
- control field: 5953
003 - CONTROL NUMBER IDENTIFIER
- control field: NUST
005 - DATE AND TIME OF LATEST TRANSACTION
- control field: 20171103160614.0
008 - FIXED-LENGTH DATA ELEMENTS
- fixed length control field: 171103|| aca||aabn | a|a d
040 ## - CATALOGING SOURCE
- Original cataloging agency: NUST
- Transcribing agency: NUST
150 ## - HEADING--TOPICAL TERM
- Topical term or geographic name entry element: Polyelectrolytes.
670 ## - SOURCE DATA FOUND
- Source citation: Work cat.: (NUST)0: Polyelectrolytes for water and wastewater treatment /, c1981.
